Visualizzazione normale
Vista MARC
- Biblia
di Uniform Title
Records bibliografici associati: 1
001 - CONTROL NUMBER
- control field: 61807
003 - CONTROL NUMBER IDENTIFIER
- control field:
005 - DATE AND TIME OF LATEST TRANSACTION
- control field: 20250314165550.0
008 - FIXED-LENGTH DATA ELEMENTS
- fixed length control field: 250314|| aca||aabn | a|a d
040 ## - CATALOGING SOURCE
- Original cataloging agency:
- Transcribing agency:
130 ## - HEADING--UNIFORM TITLE
- Uniform title: Biblia
- Form subdivision: N.T.
- General subdivision: Evang. sec. Iohannem
670 ## - SOURCE DATA FOUND
- Source citation: Work cat.: ()360426: Smith, Dwight Moody, 1931-2016 autore 61806, La teologia del vangelo di Giovanni /, 1998.